| 000 | 00963nam a2200325 a 4500 | ||
|---|---|---|---|
| 001 | 000112658 | ||
| 003 | CHAP | ||
| 005 | 20220329144316.0 | ||
| 008 | 160830s2008 mx |r| ||||j|spa d | ||
| 010 | _a109119 | ||
| 011 | _a110091 | ||
| 020 | _a9680202836 | ||
| 040 | _cCHAP | ||
| 082 | 0 | 4 |
_a863 _bT31 |
| 100 | 0 | 0 |
_aTenorio, Raymundo Pablo _9112280 |
| 245 | 1 | 0 |
_aDiana y el silencio : _bcuentos para leerse en atril / _cpor Raymundo Pablo Tenorio. |
| 260 |
_aChapino, Méx : _bUACH., _c2008. |
||
| 300 | _a107 p. | ||
| 590 |
_aE11695DGD _b10 _c20161107 _lUCH01 _h1532 |
||
| 590 |
_aE5765TAJ _b05 _c20160830 _lUCH01 _h1221 |
||
| 590 |
_aE5765TAJ _b05 _c20160830 _lUCH01 _h1224 |
||
| 590 |
_aE5765TAJ _b05 _c20160830 _lUCH01 _h1224 |
||
| 590 |
_aE5765TAJ _b05 _c20160908 _lUCH01 _h0957 |
||
| 590 |
_aE5765TAJ _b05 _c20160908 _lUCH01 _h1120 |
||
| 650 | 1 | 4 |
_aCuentos mexicanos. _930097 |
| 650 | 1 | 4 |
_aLiteratura. _967113 |
| 901 | _aBK | ||
| 942 | _cLIBRO | ||
| 942 | _n0 | ||
| 999 |
_c109119 _d109119 |
||